[Event "CRO-chT1B 30th"]
[Site "Porec"]
[Date "2022.09.24"]
[Round "1.16"]
[White "Klobucar, Dean"]
[Black "Popovic, Mirko"]
[Result "1-0"]
[WhiteElo "2196"]
[BlackElo "1903"]
[PlyCount "71"]
[EventDate "2022.09.24"]
[EventType "team-tourn"]
[EventRounds "9"]
[EventCountry "CRO"]
[SourceTitle "CBM 210 Extra"]
[Source "ChessBase"]
[SourceDate "2022.11.30"]
[SourceVersion "1"]
[SourceVersionDate "2022.11.30"]
[SourceQuality "1"]
[WhiteTeam "Rijeka Rijeka"]
[BlackTeam "Porec Gortan"]
[WhiteTeamCountry "CRO"]
[BlackTeamCountry "CRO"]

1. e4 e5 2. Nf3 Nc6 3. Bb5 d6 4. d4 exd4 5. Nxd4 Bd7 6. c4 Nf6 7. Nc3 a6 8. Ba4 Be7 9. 0-0 0-0 10. Bc2 Nxd4 11. Qxd4 c5 12. Qd3 Bc6 13. Bg5 g6 14. Rad1 b5 15. Rfe1 bxc4 16. Qxc4 Qc7 17. e5 dxe5 18. Qh4 Kg7 19. f4 Rfe8 20. fxe5 Ng8 21. e6 fxe6 22. Bxe7 Rxe7 23. Qc4 Bb5 24. Qe4 Bc6 25. Qe3 Bb5 26. a4 Be8 27. Bd3 Bf7 28. Bc4 Nf6 29. h3 Ra7 30. Qe2 Qb6 31. Qe5 Qc7 32. Rd6 Rd7 33. Ne4 Rxd6 34. Nxd6 Qd8 35. Rf1 Bg8 36. Rxf6 1-0

[Event "CRO-chT2 West"]
[Site "Rijeka"]
[Date "2020.10.24"]
[Round "7.6"]
[White "Kuga, Milan"]
[Black "Popovic, Mirko"]
[Result "0-1"]
[WhiteElo "1618"]
[BlackElo "1940"]
[PlyCount "62"]
[EventDate "2020.09.12"]
[EventType "team-tourn"]
[EventRounds "9"]
[EventCountry "CRO"]
[SourceTitle "EXT 2022"]
[Source "ChessBase"]
[SourceDate "2021.10.06"]
[SourceVersion "1"]
[SourceVersionDate "2021.10.06"]
[SourceQuality "1"]
[WhiteTeam "Karlobag"]
[BlackTeam "Porec Gortan"]
[WhiteTeamCountry "CRO"]
[BlackTeamCountry "CRO"]

1. c4 c5 2. Nc3 Nc6 3. Nf3 Nf6 4. e3 g6 5. d4 cxd4 6. exd4 d5 7. h3 Bg7 8. c5 0-0 9. Bb5 e6 10. Bg5 Qa5 11. Qd2 a6 12. Bxc6 bxc6 13. Ne5 Qc7 14. 0-0 Nd7 15. Be7 Nxe5 16. Bxf8 Nc4 17. Qd3 Kxf8 18. b3 Na3 19. Rac1 a5 20. f4 Ba6 21. Qe3 Bxf1 22. Kxf1 Qb7 23. g4 Qb4 24. Ne2 Nb5 25. Rd1 a4 26. Rd3 axb3 27. axb3 Ra1+ 28. Kg2 Qe1 29. Qf2 Qh1+ 30. Kg3 Ra2 31. Qf3 Qe1+ 0-1

[Event "CRO-chT2W"]
[Site "Croatia"]
[Date "2016.03.06"]
[Round "2.6"]
[White "Nastic, Milorad"]
[Black "Popovic, Mirko"]
[Result "0-1"]
[WhiteElo "1878"]
[BlackElo "1969"]
[PlyCount "102"]
[EventDate "2016.03.05"]
[EventType "team-tourn"]
[EventRounds "9"]
[EventCountry "CRO"]
[SourceTitle "CBM 171 Extra"]
[Source "ChessBase"]
[SourceDate "2016.04.26"]
[SourceVersion "1"]
[SourceVersionDate "2016.04.26"]
[SourceQuality "1"]
[WhiteTeam "Rijeka Kvarner"]
[BlackTeam "Porec Gortan"]
[WhiteTeamCountry "CRO"]
[BlackTeamCountry "CRO"]

1. e4 e5 2. Nf3 Nc6 3. Bb5 d6 4. 0-0 Be7 5. d4 exd4 6. Nxd4 Bd7 7. Bxc6 bxc6 8. Re1 Bf6 9. c4 Ne7 10. Nc3 0-0 11. b3 c5 12. Nde2 Bg4 13. f3 Be6 14. Bb2 Nc6 15. Qd2 Nd4 16. Rad1 Bh4 17. Rf1 Bf6 18. Na4 Nxe2+ 19. Qxe2 Bxb2 20. Qxb2 Qg5 21. f4 Qe7 22. Nc3 Bg4 23. Rd3 f5 24. h3 Bh5 25. Re3 c6 26. e5 Rad8 27. e6 d5 28. Re5 d4 29. Na4 d3 30. Qd2 Be2 31. Rf2 Rd6 32. Nxc5 a5 33. Rfxe2 dxe2 34. Qxe2 g6 35. Qe1 Ra8 36. Kh2 Rd4 37. Qg3 Qg7 38. Qe3 Rd6 39. g4 fxg4 40. hxg4 Qh6+ 41. Kg3 Rd1 42. f5 Qh1 43. f6 Rg1+ 44. Kf4 Qh4 45. Qe2 Qxf6+ 46. Ke4 Qh4 47. Kd4 Rxg4+ 48. Re4 Qf6+ 49. Kd3 Rg3+ 50. Re3 Rd8+ 51. Nd7 Qxe6 0-1

[Event "CRO-chT2W"]
[Site "Croatia"]
[Date "2016.03.06"]
[Round "3.6"]
[White "Popovic, Mirko"]
[Black "Cvencek, Mladen"]
[Result "1/2-1/2"]
[WhiteElo "1969"]
[BlackElo "1965"]
[PlyCount "27"]
[EventDate "2016.03.05"]
[EventType "team-tourn"]
[EventRounds "9"]
[EventCountry "CRO"]
[SourceTitle "CBM 171 Extra"]
[Source "ChessBase"]
[SourceDate "2016.04.26"]
[SourceVersion "1"]
[SourceVersionDate "2016.04.26"]
[SourceQuality "1"]
[WhiteTeam "Porec Gortan"]
[BlackTeam "Buje"]
[WhiteTeamCountry "CRO"]
[BlackTeamCountry "CRO"]

1. e4 c5 2. Nc3 d6 3. Nf3 Nf6 4. d4 cxd4 5. Nxd4 g6 6. Be2 Bg7 7. Be3 0-0 8. f3 Nc6 9. Qd2 Nxd4 10. Bxd4 a6 11. g4 b5 12. g5 Nh5 13. Bxg7 Nxg7 14. 0-0-0 1/2-1/2

[Event "CRO-chT2 West"]
[Site "Croatia"]
[Date "2013.10.20"]
[Round "9.45"]
[White "Popovic, Mirko"]
[Black "Levar, Nenad"]
[Result "0-1"]
[WhiteElo "1956"]
[BlackElo "2124"]
[PlyCount "50"]
[EventDate "2013.03.16"]
[EventType "team-tourn"]
[EventRounds "9"]
[EventCountry "CRO"]
[SourceTitle "EXT 2019"]
[Source "ChessBase"]
[SourceDate "2018.10.10"]
[SourceVersion "1"]
[SourceVersionDate "2018.10.10"]
[SourceQuality "1"]
[WhiteTeam "Porec Gortan"]
[BlackTeam "Karlobag"]
[WhiteTeamCountry "CRO"]
[BlackTeamCountry "CRO"]

1. d4 Nf6 2. Nf3 g6 3. g3 Bg7 4. Bg2 0-0 5. 0-0 c6 6. c4 d6 7. Nc3 Qa5 8. Bg5 Be6 9. Qd3 Qa6 10. b3 d5 11. Nd2 Rd8 12. Qe3 dxc4 13. bxc4 Ng4 14. Qf3 Rxd4 15. h3 Ne5 16. Qe3 Nxc4 17. Nxc4 Rxc4 18. Rac1 Qa3 19. Rfd1 Na6 20. Qxa7 Rxa7 21. Rd8+ Bf8 22. Bh6 Qxc1+ 23. Bxc1 Nc7 24. Bd2 Ra8 25. Rd3 Bg7 0-1

[Event "CRO-chT2 West"]
[Site "Croatia"]
[Date "2013.04.20"]
[Round "4.24"]
[White "Trtanj, Zoran"]
[Black "Popovic, Mirko"]
[Result "0-1"]
[WhiteElo "2003"]
[BlackElo "1956"]
[PlyCount "36"]
[EventDate "2013.03.16"]
[EventType "team-tourn"]
[EventRounds "9"]
[EventCountry "CRO"]
[SourceTitle "EXT 2019"]
[Source "ChessBase"]
[SourceDate "2018.10.10"]
[SourceVersion "1"]
[SourceVersionDate "2018.10.10"]
[SourceQuality "1"]
[WhiteTeam "Rijeka Maestral"]
[BlackTeam "Porec Gortan"]
[WhiteTeamCountry "CRO"]
[BlackTeamCountry "CRO"]

1. d4 d5 2. Nf3 Nf6 3. Bg5 Ne4 4. Bf4 e6 5. e3 Bd6 6. Ne5 0-0 7. Nd2 Nf6 8. Bd3 c5 9. c3 Nc6 10. Ndf3 cxd4 11. exd4 Nh5 12. Nxc6 bxc6 13. Bxd6 Qxd6 14. Ne5 Nf4 15. 0-0 f6 16. Nf3 e5 17. dxe5 fxe5 18. Re1 Nxd3 0-1

[Event "CRO Cup 21st"]
[Site "Sibenik"]
[Date "2012.05.17"]
[Round "2.102"]
[White "Kaps, Darja"]
[Black "Popovic, Mirko"]
[Result "1-0"]
[WhiteElo "2224"]
[BlackElo "1979"]
[PlyCount "55"]
[EventDate "2012.05.16"]
[EventType "team-swiss"]
[EventRounds "6"]
[EventCountry "CRO"]
[SourceTitle "CBM 148 Extra"]
[Source "ChessBase"]
[SourceDate "2012.06.22"]
[SourceVersion "1"]
[SourceVersionDate "2012.06.22"]
[SourceQuality "1"]
[WhiteTeam "Ravna Gora Goranka"]
[BlackTeam "Porec Gortan"]
[WhiteTeamCountry "CRO"]
[BlackTeamCountry "CRO"]

1. e4 d6 2. d4 Nf6 3. Nc3 g6 4. Bg5 Bg7 5. e5 dxe5 6. dxe5 Qxd1+ 7. Rxd1 Ng4 8. h3 Nxe5 9. Nd5 Bd7 10. Nxc7+ Kd8 11. Nxa8 Nbc6 12. f4 h6 13. Bh4 g5 14. fxe5 gxh4 15. e6 fxe6 16. c3 Kc8 17. Nf3 Bf6 18. Bc4 Na5 19. Be2 Nc6 20. 0-0 Rd8 21. b4 Kb8 22. Bc4 Kc8 23. b5 Na5 24. Be2 b6 25. Nd4 e5 26. Nc6 Nxc6 27. bxc6 Bxc6 28. Ba6+ 1-0

[Event "CRO-chT2 West"]
[Site "Rijeka"]
[Date "2012.04.21"]
[Round "4.45"]
[White "Popovic, Mirko"]
[Black "Krsovnik, Emil"]
[Result "0-1"]
[WhiteElo "1921"]
[BlackElo "2075"]
[PlyCount "130"]
[EventDate "2012.03.17"]
[EventType "team-tourn"]
[EventRounds "9"]
[EventCountry "CRO"]
[SourceTitle "EXT 2013"]
[Source "ChessBase"]
[SourceDate "2012.11.22"]
[SourceVersion "1"]
[SourceVersionDate "2012.11.22"]
[SourceQuality "1"]

1. e4 e5 2. Nf3 Nc6 3. d4 exd4 4. Nxd4 Bc5 5. Nb3 Bb6 6. Nc3 Qf6 7. Qe2 Nge7 8. Be3 0-0 9. 0-0-0 Bxe3+ 10. Qxe3 a6 11. f4 d6 12. Be2 Be6 13. g4 Ng6 14. f5 Bxb3 15. g5 Qe5 16. fxg6 Be6 17. gxh7+ Kxh7 18. h4 Ne7 19. h5 Nf5 20. g6+ Kh8 21. Qd2 Nh6 22. Kb1 f6 23. Rhg1 Rfe8 24. Bf3 Bc4 25. b3 Be6 26. Ne2 b5 27. Nf4 a5 28. Nd3 Qd4 29. c3 Qb6 30. Nf4 Rab8 31. Qd4 b4 32. Nd5 Qxd4 33. Rxd4 Bxd5 34. Rxd5 Re5 35. Rgd1 bxc3 36. Kc2 Kg8 37. Rxe5 fxe5 38. Kxc3 Kf8 39. Rd5 Ra8 40. Kc4 Ke8 41. Kb5 Kd7 42. Ka4 c5 43. Bg2 Rf8 44. Rd2 Kc6 45. Bh3 Rf4 46. Bg2 Ng4 47. Ka3 Nf6 48. h6 gxh6 49. Bh3 Rf3 50. Be6 Rg3 51. Bf7 h5 52. Rh2 Rg4 53. Rf2 Nxe4 54. Be8+ Kd5 55. Rf8 h4 56. Bf7+ Kd4 57. Rh8 Nf6 58. Rh7 e4 59. Rh6 Ke5 60. Bc4 d5 61. Ba6 d4 62. Be2 Rg2 63. Bf1 Rg1 64. Bh3 e3 65. Rxh4 e2 0-1

[Event "Porec op"]
[Site "Porec"]
[Date "2011.12.02"]
[Round "3"]
[White "Popovic, Mirko"]
[Black "Antunovic, Ivo"]
[Result "0-1"]
[WhiteElo "1948"]
[BlackElo "2140"]
[PlyCount "74"]
[EventDate "2011.12.01"]
[EventType "swiss"]
[EventRounds "7"]
[EventCountry "CRO"]
[SourceTitle "CBM 145 Extra"]
[Source "ChessBase"]
[SourceDate "2012.01.03"]
[SourceVersion "1"]
[SourceVersionDate "2012.01.03"]
[SourceQuality "1"]

1. e4 d6 2. d4 Nf6 3. Nc3 g6 4. Be2 Bg7 5. Nf3 0-0 6. 0-0 b6 7. Bg5 Bb7 8. d5 c6 9. Qd2 Nbd7 10. Rfd1 Nc5 11. Qe3 cxd5 12. exd5 Rc8 13. h3 a6 14. Bh6 b5 15. Bxg7 Kxg7 16. a3 Rc7 17. Rac1 Qa8 18. Qd4 Kg8 19. Nh2 Rfc8 20. Bf3 Ncd7 21. Ng4 h5 22. Nxf6+ Nxf6 23. Rd3 Rc4 24. Qe3 R8c7 25. Rd4 Rxd4 26. Qxd4 Rc5 27. Rd1 a5 28. b4 axb4 29. axb4 Rc4 30. Qe3 Qa3 31. Qxe7 Qxc3 32. Qxb7 Qxb4 33. Ra1 Rxc2 34. Ra7 Rc1+ 35. Kh2 Qf4+ 36. g3 Ng4+ 37. hxg4 Qxf3 0-1

[Event "Porec op"]
[Site "Porec"]
[Date "2011.12.01"]
[Round "2"]
[White "Milasincic, Stjepan"]
[Black "Popovic, Mirko"]
[Result "0-1"]
[WhiteElo "1695"]
[BlackElo "1948"]
[PlyCount "88"]
[EventDate "2011.12.01"]
[EventType "swiss"]
[EventRounds "7"]
[EventCountry "CRO"]
[SourceTitle "CBM 145 Extra"]
[Source "ChessBase"]
[SourceDate "2012.01.03"]
[SourceVersion "1"]
[SourceVersionDate "2012.01.03"]
[SourceQuality "1"]

1. e4 e5 2. Nc3 Nc6 3. d3 Nf6 4. h3 h6 5. Nf3 d5 6. Bd2 d4 7. Nb1 Bd6 8. Be2 Be6 9. a3 Qd7 10. c3 0-0-0 11. c4 g5 12. b4 g4 13. hxg4 Bxg4 14. Qa4 a6 15. b5 Nb8 16. Qb3 Rdg8 17. Bb4 axb5 18. c5 Be6 19. Qb2 Be7 20. Nxe5 Qd8 21. g3 h5 22. Nd2 Ng4 23. Nxg4 hxg4 24. 0-0-0 Bg5 25. Kb1 Qf6 26. Rxh8 Rxh8 27. Nb3 Nc6 28. Na5 Qxf2 29. Nxc6 bxc6 30. Be1 Qf6 31. a4 Rh2 32. axb5 cxb5 33. Bb4 Qf2 34. Re1 f5 35. Bd2 Bxd2 36. Qxd2 Kb7 37. c6+ Kb6 38. Kc2 fxe4 39. dxe4 Bc4 40. Kd1 d3 41. Kc1 dxe2 42. Kc2 Qc5 43. Kb2 Rf2 44. Ra1 e1Q 0-1

[Event "Porec op"]
[Site "Porec"]
[Date "2011.12.01"]
[Round "1"]
[White "Popovic, Mirko"]
[Black "Crepan, Marjan"]
[Result "0-1"]
[WhiteElo "1948"]
[BlackElo "2316"]
[PlyCount "76"]
[EventDate "2011.12.01"]
[EventType "swiss"]
[EventRounds "7"]
[EventCountry "CRO"]
[SourceTitle "CBM 145 Extra"]
[Source "ChessBase"]
[SourceDate "2012.01.03"]
[SourceVersion "1"]
[SourceVersionDate "2012.01.03"]
[SourceQuality "1"]

1. e4 e5 2. Nf3 Nc6 3. d4 exd4 4. Nxd4 Bc5 5. Nb3 Bb6 6. Nc3 d6 7. Be2 Nge7 8. Na4 0-0 9. Nxb6 axb6 10. Bg5 Qe8 11. 0-0 Ng6 12. Bd3 f5 13. exf5 Bxf5 14. Bc4+ Kh8 15. Re1 Nge5 16. Bd5 Qg6 17. f4 Nb4 18. Qd2 Nbc6 19. Bxc6 Nxc6 20. c3 Be4 21. Re2 d5 22. a3 Qh5 23. Re3 h6 24. Rh3 Qxh3 25. gxh3 hxg5 26. fxg5 Ne5 27. Rf1 Rxf1+ 28. Kxf1 Rf8+ 29. Ke2 Bd3+ 30. Ke3 Rf3+ 31. Kd4 Rf5 32. Qd1 Rxg5 33. Kxd5 Nc6+ 34. Ke6 Bf5+ 35. Kf7 Bg6+ 36. Ke6 Be8 37. Qe2 Rg6+ 38. Kd5 Bf7+ 0-1

[Event "Porec op"]
[Site "Porec"]
[Date "2010.12.02"]
[Round "1"]
[White "Licardo, Renato"]
[Black "Popovic, Mirko"]
[Result "1-0"]
[WhiteElo "2202"]
[BlackElo "1948"]
[PlyCount "48"]
[EventDate "2010.12.02"]
[EventType "swiss"]
[EventRounds "7"]
[EventCountry "CRO"]
[SourceTitle "CBM 139 Extra"]
[Source "ChessBase"]
[SourceDate "2011.01.05"]
[SourceVersion "1"]
[SourceVersionDate "2011.01.05"]
[SourceQuality "1"]

1. e4 d6 2. d4 g6 3. Nc3 Bg7 4. Be3 Nd7 5. Qd2 e5 6. 0-0-0 Ngf6 7. f3 exd4 8. Bxd4 0-0 9. h4 Nb6 10. h5 Be6 11. hxg6 fxg6 12. Nh3 Nc4 13. Qg5 Nh5 14. Qxd8 Raxd8 15. Bxg7 Kxg7 16. Ng5 Bg8 17. Bxc4 Bxc4 18. Nd5 Bxd5 19. exd5 Nf4 20. Rxh7+ Kg8 21. Rdh1 Rde8 22. Rxc7 Nxd5 23. Rxb7 Rf5 24. Ne4 Rxe4 1-0

[Event "CRO-chT2 West"]
[Site "Croatia"]
[Date "2010.03.28"]
[Round "2.25"]
[White "Krsnik, Cohar Ivan Vihor"]
[Black "Popovic, Mirko"]
[Result "1/2-1/2"]
[WhiteElo "1789"]
[BlackElo "1948"]
[PlyCount "53"]
[EventDate "2010.03.27"]
[EventType "team-tourn"]
[EventRounds "9"]
[EventCountry "CRO"]
[SourceTitle "EXT 2012"]
[Source "ChessBase"]
[SourceDate "2011.11.24"]
[SourceVersion "1"]
[SourceVersionDate "2011.11.24"]
[SourceQuality "1"]

1. d4 d5 2. Nf3 Nf6 3. Bg5 c6 4. e3 e6 5. Bd3 Nbd7 6. Nbd2 Qa5 7. c3 c5 8. Qe2 cxd4 9. exd4 Bd6 10. 0-0 0-0 11. Ne5 Qd8 12. f4 Re8 13. Ndf3 Nf8 14. Ng4 Be7 15. Nxf6+ Bxf6 16. Bxf6 Qxf6 17. f5 Bd7 18. fxe6 Bxe6 19. Ne5 Qg5 20. Qf2 f6 21. Nf3 Qg4 22. Rfe1 Bd7 23. Nd2 Ng6 24. Bxg6 hxg6 25. c4 Bc6 26. c5 Bd7 27. Nb3 1/2-1/2

[Event "Porec op"]
[Site "Porec"]
[Date "2007.12.07"]
[Round "3"]
[White "Licardo, Renato"]
[Black "Popovic, Mirko"]
[Result "1-0"]
[WhiteElo "2166"]
[BlackElo "1976"]
[PlyCount "87"]
[EventDate "2007.12.06"]
[EventType "swiss"]
[EventRounds "7"]
[EventCountry "CRO"]
[SourceTitle "CBM 121 Extra"]
[Source "ChessBase"]
[SourceDate "2008.01.10"]
[SourceVersion "1"]
[SourceVersionDate "2008.01.10"]
[SourceQuality "1"]

1. e4 d6 2. d4 g6 3. Nc3 Bg7 4. Be3 Nd7 5. Qd2 e5 6. Nf3 exd4 7. Nxd4 a6 8. 0-0-0 Qe7 9. h4 h5 10. Nd5 Qd8 11. Qa5 Nb6 12. Nxb6 cxb6 13. Bb5+ Kf8 14. Qa3 Bg4 15. Be2 Ne7 16. f3 Bc8 17. Nb5 Be6 18. Rxd6 Qc8 19. Nd4 Bc4 20. Bg5 Bh6 21. Bxh6+ Rxh6 22. Rxb6 Qc7 23. Qd6 Qxd6 24. Rxd6 Bxe2 25. Nxe2 Nc6 26. Rhd1 Kg7 27. Rd7 Rb8 28. Nf4 Rhh8 29. R1d6 Ne5 30. Re7 Rhe8 31. Rxe8 Rxe8 32. Nd5 Rc8 33. Rb6 Rb8 34. b3 Nd7 35. Rd6 Nc5 36. Nb6 Ne6 37. Kd2 Nc5 38. b4 Ne6 39. Ke3 Re8 40. Rd7 Nd8 41. a4 Kf6 42. a5 Ke6 43. c3 f6 44. Rg7 1-0